000 00672nmm a2200229 a 4500
003 AR-BaBNM
005 20251128202713.0
008 085020s1995 ||||||||||||||000 | spa||
020 _a987-9072-07-3
040 _cAR-BaBNM
100 1 _aAguilera, Néstor E.
245 1 0 _aIntroducción a la computación en matemática usando Mathematica
260 _aBuenos Aires
_bRed Olímpica
_c1995
300 0 _a166 p.
_bgráf.
610 2 4 _aOlimpiada Matemática Argentina
650 4 _aENSENANZA POR COMPUTADORA
650 4 _aENSENANZA DE LAS MATEMATICAS
650 4 _aCONCEPTOS MATEMATICOS
650 4 _aACTIVIDADES DE APRENDIZAJE
942 _cBK
998 _cme-solo cat
999 _c191
_d191